Historická revue jediný slovenský odborný mesačník o histórii pre všetkých

Salvato in:
Dettagli Bibliografici
Natura: Periodico
Lingua:slovacco
Pubblicazione: Bratislava Petit Press
Soggetti:
Tags: Aggiungi Tag
Nessun Tag, puoi essere il primo ad aggiungerne!!

MARC

LEADER 00000nas1a2200000$$$4500
001 0018182
005 20260203123534.4
022 |a 1335-6550 
041 0 |a slo 
044 |a SK 
245 1 0 |a Historická revue  |b jediný slovenský odborný mesačník o histórii pre všetkých 
264 1 |a Bratislava  |b Petit Press 
500 |a [Do r. 2023 vydával Slovenský archeologický a historický inštitút - SAHI] 
610 2 0 |a dejiny 
610 2 0 |a spoločnosť